00831 2200277 4500001002100000005001500021035002000036007000300056008004100059020002200100082001000122084001600132100001900148245012500167250001000292260004700302300003800349500002100387500004200408650002000450700001900470700003100489990001100520990001100531990001100542INLIS00000000000775120210329081400 a0010-0321001121ta210329 g 0 ind  a978-602-8866-00-2 a338.6 a338.6 EPP m0 aEPPLER, Erhard1 aMelindungi Negara dari Ancaman Neoliberal /cErhard Eppler; penerjemah, Makmur Keliat; editor, Dormiana Yustina Manurung acet.2 aJakarta :bFriedrich-Ebert-Stiftung,c2016 axvii, 344 hal. :bilus. ;c20 cm. aDaftar Singkatan aJudul asli : The Return of the State? 4aPOLITIK EKONOMI0 aMAKMUR, Keliat0 aDORMIANA, Yustina Manurung a8030 a a8029 a a8029 a